000 00538nam a2200157Ia 4500
008 220216s9999 xx 000 0 und d
100 _aBueno N
_cet al
245 0 _aMineral nutrition of rubber XII. Quantity of A1 in the substrate affecting the concentration and accumulation of Ca, Mg and S in rubber (Hevea spp.)
260 _bAnais da Escola Superior de Agricultura Luiz de Queiroz
_c1990
300 _a519-540
500 _aSource Year: 1992
650 _aMineral nutrition
650 _aRubber
856 _uIRRDB
942 _cJS
999 _c62971
_d62971